[Event "DEM U12/U12w 2004"]
[Site "Willingen GER"]
[Date "2004.06.04"]
[Round "9"]
[White "Smolkina, Milana"]
[Black "Mihok, Oliver"]
[Result "1/2-1/2"]
[Termination "normal"]
[Board "5"]
[WhiteElo "1678"]
[BlackElo "2074"]
[PlyCount "125"]
[WhiteFideId "24618780"]
[BlackFideId "728012"]
[EventCountry "GER"]
[EventRounds "11"]
[EventType "swiss"]
[EventDate "2004.05.29"]

1. e4 c5 2. Nf3 e6 3. d4 cxd4 4. Nxd4 Nc6 5. Nc3 Qc7 6. Ncb5 Qb8 7. c4 Nf6 8.
Nc3 Bb4 9. f3 a6 10. Be3 O-O 11. Be2 d5 12. exd5 exd5 13. O-O dxc4 14. Bxc4 Bc5
15. Qd2 Rd8 16. Nce2 Qa7 17. Rad1 Be6 18. Qc3 Nd5 19. Bxd5 Bxd5 20. Bf2 Ne7 21.
Nb3 Bxf2+ 22. Rxf2 Rac8 23. Qd4 Qb8 24. Qf4 Qa8 25. Qe3 Ng6 26. Rff1 b5 27. Nc3
Bc4 28. Rxd8+ Rxd8 29. Rd1 Re8 30. Qd4 h6 31. Na5 Be6 32. Qd6 Nh4 33. Nc6 Nf5
34. Qc7 Kh7 35. Rd8 Rxd8 36. Nxd8 Qc8 37. Qxc8 Bxc8 38. Nxf7 b4 39. Ne4 Be6 40.
Nfd6 Nxd6 41. Nxd6 Bxa2 42. Kf2 Kg6 43. Ke3 Bb1 44. Kd4 Bc2 45. Kc4 b3 46. Nb7
Kf5 47. Nc5 Kf4 48. Nxb3 Bd1 49. Nd4 Ke3 50. Nf5+ Kf2 51. Nxg7 Kxg2 52. f4 Be2+
53. Kd5 Bd3 54. f5 Kxh2 55. f6 Bg6 56. Ke6 h5 57. Nf5 Kg1 58. Nh4 Bc2 59. b4
Kf2 60. Nf5 Bb3+ 61. Ke7 Ke1 62. Nd4 Bg8 63. Nf5 1/2-1/2

[Event "DEM U12/U12w 2004"]
[Site "Willingen GER"]
[Date "2004.06.04"]
[Round "9"]
[White "Blübaum, Johanna"]
[Black "Graf, Felix"]
[Result "0-1"]
[Termination "normal"]
[Board "6"]
[WhiteElo "1443"]
[BlackElo "2056"]
[PlyCount "72"]
[WhiteFideId "24647373"]
[BlackFideId "24608904"]
[EventCountry "GER"]
[EventRounds "11"]
[EventType "swiss"]
[EventDate "2004.05.29"]

1. d4 d5 2. c4 c6 3. Nc3 Nf6 4. e3 e6 5. Nf3 Nbd7 6. Bd3 dxc4 7. Bxc4 Be7 8.
O-O O-O 9. a4 Qc7 10. e4 e5 11. dxe5 Nxe5 12. Bf4 Bd6 13. Nxe5 Bxe5 14. Bg3 Bg4
15. Qb3 Nd7 16. a5 Rad8 17. a6 Bxg3 18. hxg3 b5 19. Be2 Bxe2 20. Nxe2 Qb6 21.
Qc2 Nc5 22. Rac1 Nd3 23. Qxc6 Nxc1 24. Rxc1 Qxc6 25. Rxc6 Rd1+ 26. Kh2 Rd2 27.
Nc3 Rxb2 28. Rc7 Rc2 29. Nxb5 Rxc7 30. Nxc7 Rc8 31. Nb5 Rc5 32. Nd4 Rh5+ 33.
Kg1 Ra5 34. f4 Rxa6 35. Kf2 Rb6 36. Kf3 a5 0-1

[Event "DEM U12/U12w 2004"]
[Site "Willingen GER"]
[Date "2004.06.04"]
[Round "9"]
[White "Schrödter, Thomas"]
[Black "Hirneise, Jens"]
[Result "0-1"]
[Termination "normal"]
[Board "7"]
[WhiteElo "1827"]
[BlackElo "1757"]
[PlyCount "64"]
[BlackFideId "24614734"]
[EventCountry "GER"]
[EventRounds "11"]
[EventType "swiss"]
[EventDate "2004.05.29"]

1. d4 Nf6 2. c4 g6 3. Nc3 Bg7 4. e4 d6 5. Be2 O-O 6. Nf3 e5 7. O-O Nc6 8. d5
Ne7 9. Ne1 Ne8 10. Nd3 f5 11. Bd2 Nf6 12. f3 f4 13. c5 g5 14. cxd6 cxd6 15. Nf2
h5 16. h3 Kh8 17. Qc2 Rg8 18. Rfc1 Bf8 19. Qd1 Ng6 20. a4 Nh4 21. Ra3 Qe8 22.
Nb5 Qg6 23. Nc7 Rb8 24. Ne6 Bxe6 25. dxe6 d5 26. Rb3 dxe4 27. fxe4 g4 28. hxg4
hxg4 29. Kf1 g3 30. Nh3 Qxe4 31. Bf3 Qxa4 32. Bc6 Nf5 0-1

[Event "DEM U12/U12w 2004"]
[Site "Willingen GER"]
[Date "2004.06.04"]
[Round "9"]
[White "Tkachuk, Konstantyn"]
[Black "Mazarov, Jürgen"]
[Result "1/2-1/2"]
[Termination "normal"]
[Board "8"]
[WhiteElo "1814"]
[BlackElo "1743"]
[PlyCount "109"]
[WhiteFideId "24647330"]
[BlackFideId "24617768"]
[EventCountry "GER"]
[EventRounds "11"]
[EventType "swiss"]
[EventDate "2004.05.29"]

1. e4 e6 2. d3 d5 3. Nd2 c5 4. f4 Nf6 5. Ngf3 Nc6 6. g3 Be7 7. Bg2 O-O 8. O-O
d4 9. Ne1 b6 10. g4 Bb7 11. f5 exf5 12. gxf5 Ne5 13. Ndf3 Bd6 14. Nxe5 Bxe5 15.
Nf3 Bc7 16. Bg5 Rc8 17. Qe1 h6 18. Bh4 Re8 19. Qd2 Be5 20. Nxe5 Rxe5 21. Qf4
Re8 22. Rae1 Qc7 23. Qf3 Kh7 24. Kh1 b5 25. Bxf6 gxf6 26. Qh5 Rg8 27. Rf3 Rg5
28. Qh4 Kg7 29. Rh3 Rh8 30. Bf3 Qd6 31. Rg1 c4 32. Rxg5+ fxg5 33. Qf2 a5 34.
Bh5 Kf6 35. Rg3 Qe5 36. Rg2 Rc8 37. h4 Ba6 38. Qd2 Qf4 39. hxg5+ hxg5 40. Qxf4
gxf4 41. Be2 b4 42. Rh2 Ke5 43. Rh7 Rc7 44. Kg2 a4 45. Rh5 f6 46. Rh8 Kd6 47.
Rd8+ Kc5 48. Rd5+ Kb6 49. Rxd4 b3 50. cxb3 a3 51. dxc4 axb2 52. Bd3 Kc5 53.
Rd5+ Kb4 54. Kf3 Rh7 55. Kxf4 1/2-1/2

[Event "DEM U12/U12w 2004"]
[Site "Willingen GER"]
[Date "2004.06.04"]
[Round "9"]
[White "Orhan, Zilan"]
[Black "Nuber, Blasius"]
[Result "0-1"]
[Termination "normal"]
[Board "9"]
[WhiteElo "1626"]
[BlackElo "1763"]
[PlyCount "88"]
[WhiteFideId "24624640"]
[BlackFideId "24620289"]
[EventCountry "GER"]
[EventRounds "11"]
[EventType "swiss"]
[EventDate "2004.05.29"]

1. e4 e6 2. d4 d5 3. exd5 exd5 4. Bd3 Nc6 5. c3 Bd6 6. Qf3 Be6 7. Ne2 Nge7 8.
Bf4 Qd7 9. Nd2 Ng6 10. Bg3 O-O-O 11. O-O-O Rde8 12. Nf4 Bg4 13. Qxd5 Bxf4 14.
Qxd7+ Kxd7 15. Bxf4 Nxf4 16. Bb5 Bxd1 17. Kxd1 a6 18. Ba4 Nd3 19. Kc2 Re1 20.
Rxe1 Nxe1+ 21. Kd1 b5 22. Bb3 Nxg2 23. Ne4 f5 24. Nc5+ Kd6 25. Nb7+ Ke7 26. Bd5
Nd8 27. Bxg2 Nxb7 28. Bxb7 Rb8 29. Bc6 Kd6 30. d5 g5 31. Ke2 h5 32. Kf3 Ke5 33.
Ke3 f4+ 34. Kd3 g4 35. Ke2 a5 36. b3 b4 37. c4 Kd4 38. Kd2 Rg8 39. Ke2 f3+ 40.
Kd2 Rg5 41. Ke1 Re5+ 42. Kf1 Re2 43. Ba4 Rxa2 44. Ke1 Kc3 0-1

[Event "DEM U12/U12w 2004"]
[Site "Willingen GER"]
[Date "2004.06.04"]
[Round "9"]
[White "Colpe, Malte"]
[Black "Hobusch, Alexander"]
[Result "0-1"]
[Termination "normal"]
[Board "10"]
[WhiteElo "1520"]
[BlackElo "1735"]
[PlyCount "54"]
[WhiteFideId "24623075"]
[BlackFideId "24611387"]
[EventCountry "GER"]
[EventRounds "11"]
[EventType "swiss"]
[EventDate "2004.05.29"]

1. d4 e6 2. Nf3 f5 3. Bf4 Nf6 4. e3 b6 5. Bd3 Bb7 6. O-O Be7 7. Nbd2 O-O 8. c3
c5 9. Qe2 Nc6 10. Bg3 d5 11. Ne5 Ne4 12. Bxe4 fxe4 13. f4 Nxe5 14. fxe5 Qd7 15.
Qg4 cxd4 16. exd4 Ba6 17. Rxf8+ Rxf8 18. Bf4 Bd8 19. g3 Kh8 20. b3 Be7 21. Nf1
Ba3 22. Re1 Bb2 23. Bd2 Rc8 24. Re3 Bd3 25. Qf4 Qe7 26. Qg4 Bxc3 27. Bxc3 Rxc3
0-1

[Event "DEM U12/U12w 2004"]
[Site "Willingen GER"]
[Date "2004.06.04"]
[Round "9"]
[White "Korman, Maxim"]
[Black "Dorn, Carina"]
[Result "1-0"]
[Termination "normal"]
[Board "11"]
[WhiteElo "1719"]
[BlackElo "1573"]
[PlyCount "59"]
[WhiteFideId "24619787"]
[BlackFideId "24666335"]
[EventCountry "GER"]
[EventRounds "11"]
[EventType "swiss"]
[EventDate "2004.05.29"]

1. e4 e6 2. d4 d5 3. Nd2 Nf6 4. e5 Nfd7 5. Bd3 c5 6. c3 Nc6 7. Ne2 cxd4 8. cxd4
Qb6 9. Nf3 Be7 10. O-O O-O 11. Nc3 f6 12. exf6 Nxf6 13. Re1 a6 14. a3 Bd7 15.
Bg5 Kh8 16. Na4 Qc7 17. Bh4 b5 18. Nc3 Na5 19. Rc1 Qa7 20. Bb1 Nc4 21. Qd3 g6
22. Re2 Bd6 23. Ne5 Bxe5 24. dxe5 Ng4 25. Qg3 Nh6 26. Bf6+ Kg8 27. Bxg6 Rf7 28.
Bxf7+ Kxf7 29. Qg7+ Ke8 30. Qe7# 1-0

[Event "DEM U12/U12w 2004"]
[Site "Willingen GER"]
[Date "2004.06.04"]
[Round "9"]
[White "Schäfer, Alexander"]
[Black "Eibl, Maximilian"]
[Result "1-0"]
[Termination "normal"]
[Board "12"]
[WhiteElo "1701"]
[BlackElo "1548"]
[PlyCount "51"]
[WhiteFideId "24615196"]
[BlackFideId "24620092"]
[EventCountry "GER"]
[EventRounds "11"]
[EventType "swiss"]
[EventDate "2004.05.29"]

1. e4 c5 2. Nf3 e6 3. d4 cxd4 4. Nxd4 a6 5. Nc3 Qc7 6. Be3 d6 7. Qd2 Nf6 8. f3
b5 9. O-O-O b4 10. Nce2 d5 11. e5 Nfd7 12. f4 Nb6 13. Ng3 Nc4 14. Bxc4 dxc4 15.
f5 exf5 16. Ndxf5 a5 17. Bg5 Nc6 18. Nd6+ Bxd6 19. exd6 Qd7 20. Nh5 Kf8 21.
Nxg7 Rg8 22. Nh5 Rg6 23. Nf6 Rxf6 24. Bxf6 Qg4 25. Qh6+ Kg8 26. d7 1-0

[Event "DEM U12/U12w 2004"]
[Site "Willingen GER"]
[Date "2004.06.04"]
[Round "9"]
[White "Kordts, Florian"]
[Black "Frey, Alisa"]
[Result "1-0"]
[Termination "normal"]
[Board "13"]
[WhiteElo "1669"]
[BlackElo "1233"]
[PlyCount "69"]
[WhiteFideId "24626856"]
[BlackFideId "24634662"]
[EventCountry "GER"]
[EventRounds "11"]
[EventType "swiss"]
[EventDate "2004.05.29"]

1. c4 e5 2. Nc3 Nf6 3. g3 d5 4. cxd5 Nxd5 5. Bg2 Nb6 6. Nf3 Nc6 7. O-O Be7 8.
d3 Be6 9. Be3 O-O 10. Ne4 Nd5 11. Bc5 f6 12. d4 Bxc5 13. Nxc5 Bf7 14. dxe5 fxe5
15. Nxb7 Qb8 16. Ng5 Nde7 17. Nxf7 Rxf7 18. Qb3 Nd4 19. Qc4 c6 20. e3 Ndf5 21.
Na5 Qxb2 22. Nxc6 Nxc6 23. Qxc6 Raf8 24. Bd5 Ne7 25. Bxf7+ Kxf7 26. Qc4+ Ke8
27. Rab1 Qd2 28. Rb8+ Kd7 29. Rxf8 h6 30. Rb1 Qa5 31. Rd1+ Nd5 32. Rxd5+ Qxd5
33. Qxd5+ Kc7 34. Rf7+ Kc8 35. Qa8# 1-0

[Event "DEM U12/U12w 2004"]
[Site "Willingen GER"]
[Date "2004.06.04"]
[Round "9"]
[White "Specht, Christian"]
[Black "Jussupow, Alexander"]
[Result "1/2-1/2"]
[Termination "normal"]
[Board "14"]
[WhiteElo "1471"]
[BlackElo "1715"]
[PlyCount "95"]
[WhiteFideId "24647985"]
[BlackFideId "24613509"]
[EventCountry "GER"]
[EventRounds "11"]
[EventType "swiss"]
[EventDate "2004.05.29"]

1. e4 d6 2. d4 Nf6 3. Bd3 e5 4. c3 Nbd7 5. Bg5 Be7 6. f4 h6 7. Bxf6 Bxf6 8.
fxe5 dxe5 9. Nf3 c6 10. O-O O-O 11. Na3 exd4 12. cxd4 Nb6 13. e5 Be7 14. Nc4
Bg4 15. Be2 Nxc4 16. Bxc4 Qb6 17. Qb3 Rad8 18. Qxb6 axb6 19. Rad1 Be6 20. b3 b5
21. Bxe6 fxe6 22. Rc1 b4 23. Rc4 Ra8 24. Rf2 Ra5 25. Rd2 Rfa8 26. Rcc2 Kh7 27.
Kf2 Rf8 28. Ke3 Rd5 29. Ke4 g5 30. g3 g4 31. Ng1 Kg6 32. Rf2 Rdd8 33. h3 h5 34.
h4 Rxf2 35. Rxf2 c5 36. Ne2 Kg7 37. Nf4 Rxd4+ 38. Ke3 Kh6 39. Nxe6 Rd7 40. Rd2
Rxd2 41. Kxd2 b5 42. Kd3 Kg6 43. Nf4+ Kf5 44. Nxh5 Kxe5 45. Nf4 Bd6 46. Ne2 Kf5
47. Ke3 Be5 48. Kd3 1/2-1/2

[Event "DEM U12/U12w 2004"]
[Site "Willingen GER"]
[Date "2004.06.04"]
[Round "9"]
[White "Raykhman, Alexsander"]
[Black "Gröger, Eric"]
[Result "1/2-1/2"]
[Termination "normal"]
[Board "15"]
[WhiteElo "1609"]
[BlackElo "1428"]
[PlyCount "96"]
[EventCountry "GER"]
[EventRounds "11"]
[EventType "swiss"]
[EventDate "2004.05.29"]

1. d4 d5 2. c4 e6 3. cxd5 exd5 4. Nc3 Be7 5. Bf4 Nf6 6. e3 O-O 7. Qc2 c5 8.
dxc5 Bxc5 9. Rd1 Be6 10. Be2 Nc6 11. Nf3 h6 12. a3 Rc8 13. O-O Qe7 14. Ne5 Rfd8
15. Nxc6 Rxc6 16. Bf3 Rcc8 17. Rfe1 d4 18. exd4 Bxd4 19. Be5 Bxe5 20. Rxe5 b6
21. h3 Rxd1+ 22. Qxd1 Rd8 23. Qc2 Qd6 24. Re1 Qd2 25. Qxd2 Rxd2 26. Re2 Rxe2
27. Bxe2 Nd7 28. Bb5 Ne5 29. Kf1 Bc4+ 30. Bxc4 Nxc4 31. Nd1 Kf8 32. Ke2 Ke7 33.
Kd3 Ne5+ 34. Kd4 Kd6 35. Nc3 Nc6+ 36. Ke4 a6 37. Nd1 g6 38. g4 Ke6 39. Ne3 b5
40. f4 Ne7 41. f5+ Kd6 42. b4 Nc6 43. Nd5 Ne5 44. Ne3 Nc6 45. h4 Ne5 46. fxg6
fxg6 47. h5 gxh5 48. gxh5 Ke6 1/2-1/2

[Event "DEM U12/U12w 2004"]
[Site "Willingen GER"]
[Date "2004.06.04"]
[Round "9"]
[White "Kaphle, Stephan"]
[Black "Sharikow, Alexej"]
[Result "1-0"]
[Termination "normal"]
[Board "16"]
[WhiteElo "1597"]
[BlackElo "1420"]
[PlyCount "79"]
[WhiteFideId "24629103"]
[EventCountry "GER"]
[EventRounds "11"]
[EventType "swiss"]
[EventDate "2004.05.29"]

1. e4 e5 2. Nf3 Nc6 3. Bb5 d6 4. O-O Bg4 5. c3 Nge7 6. d3 a6 7. Ba4 d5 8. Re1
b5 9. Bb3 d4 10. cxd4 Nxd4 11. Bxf7+ Kxf7 12. Nxe5+ Ke8 13. Nxg4 h5 14. Ne3 h4
15. Nc2 h3 16. Nxd4 Qxd4 17. g3 Rd8 18. Re3 g6 19. Nc3 Bh6 20. Ne2 Qf6 21. f4
c5 22. Rf3 g5 23. Qc2 g4 24. Rf1 Qb6 25. Be3 Bg7 26. Rac1 Rc8 27. b4 Bd4 28.
Bxd4 cxd4 29. Qxc8+ Nxc8 30. Rxc8+ Kf7 31. Rxh8 a5 32. Rc1 axb4 33. Rhc8 Ke7
34. R1c7+ Kd6 35. Rc6+ Qxc6 36. Rxc6+ Kxc6 37. f5 Kc5 38. f6 b3 39. axb3 Kb4
40. Nxd4 1-0

[Event "DEM U12/U12w 2004"]
[Site "Willingen GER"]
[Date "2004.06.04"]
[Round "9"]
[White "Belger, Christian"]
[Black "Günnigmann, Manuel"]
[Result "1/2-1/2"]
[Termination "normal"]
[Board "17"]
[WhiteElo "1581"]
[BlackElo "1383"]
[PlyCount "72"]
[WhiteFideId "24622940"]
[BlackFideId "24640360"]
[EventCountry "GER"]
[EventRounds "11"]
[EventType "swiss"]
[EventDate "2004.05.29"]

1. e4 c5 2. Nf3 d6 3. d4 cxd4 4. Nxd4 Nf6 5. Nc3 e6 6. Be2 Nc6 7. Be3 a6 8. O-O
Be7 9. Kh1 O-O 10. f4 Qc7 11. Qe1 Re8 12. Qg3 Nd7 13. Rf2 Bf6 14. Rd1 Kh8 15.
f5 Nde5 16. fxe6 fxe6 17. Rdf1 Nxd4 18. Bxd4 Qe7 19. Qf4 Nd7 20. Be3 Kg8 21.
Bc4 Nf8 22. Rd2 Be5 23. Qf2 Ng6 24. g3 Rf8 25. Qg1 Rxf1 26. Qxf1 Bd7 27. Bd4
Rf8 28. Qg2 Bxd4 29. Rxd4 Ne5 30. Be2 Kf7 31. Rb4 Bc6 32. Rd4 Ke8 33. h3 Kd7
34. a4 Qf7 35. a5 Qf2 36. Na4 Kc7 1/2-1/2

[Event "DEM U12/U12w 2004"]
[Site "Willingen GER"]
[Date "2004.06.04"]
[Round "9"]
[White "Doberitz, Paul"]
[Black "Giesler, Julius"]
[Result "1-0"]
[Termination "normal"]
[Board "18"]
[WhiteElo "1576"]
[BlackElo "1394"]
[PlyCount "65"]
[WhiteFideId "24646130"]
[EventCountry "GER"]
[EventRounds "11"]
[EventType "swiss"]
[EventDate "2004.05.29"]

1. e4 e6 2. d4 d5 3. Nc3 Nf6 4. Bg5 Be7 5. Bxf6 Bxf6 6. Nf3 c5 7. exd5 exd5 8.
dxc5 Bxc3+ 9. bxc3 Qa5 10. Qd4 O-O 11. Qb4 Re8+ 12. Kd2 Qc7 13. Bd3 Nc6 14. Qh4
h6 15. Rae1 Re6 16. Nd4 Nxd4 17. Qxd4 Qc6 18. c4 Qa4 19. Qxd5 Qb4+ 20. c3 Qb2+
21. Bc2 g6 22. Qd8+ Kg7 23. Rxe6 fxe6 24. Qe7+ Kg8 25. Qe8+ Kg7 26. Qxg6+ Kf8
27. Qxh6+ Ke7 28. Qg7+ Kd8 29. Qf8+ Kd7 30. Rd1 b6 31. Ke1+ Kc6 32. Be4+ Kc7
33. Qd6# 1-0

[Event "DEM U12/U12w 2004"]
[Site "Willingen GER"]
[Date "2004.06.04"]
[Round "9"]
[White "Weber, Raphael"]
[Black "Dzodziev, Daniel"]
[Result "0-1"]
[Termination "normal"]
[Board "20"]
[WhiteElo "1471"]
[BlackElo "1544"]
[PlyCount "60"]
[WhiteFideId "24644110"]
[EventCountry "GER"]
[EventRounds "11"]
[EventType "swiss"]
[EventDate "2004.05.29"]

1. e4 e5 2. Nf3 Nc6 3. Bc4 Bc5 4. b4 Bxb4 5. c3 Be7 6. d4 d6 7. O-O Nf6 8. Ng5
O-O 9. Qb3 Qe8 10. dxe5 Nxe5 11. f4 Nxc4 12. Qxc4 Qc6 13. Qxc6 bxc6 14. Nd2 h6
15. Ngf3 Re8 16. Ba3 Ba6 17. Rfe1 Rac8 18. Nd4 c5 19. Nc6 Bf8 20. e5 Nd5 21. f5
Nxc3 22. e6 fxe6 23. fxe6 Nd5 24. Ne4 Rxe6 25. Bb2 Rce8 26. Rad1 Rxe4 27. Rxe4
Rxe4 28. Rxd5 Re1+ 29. Kf2 Re2+ 30. Kg3 Rxb2 0-1

[Event "DEM U12/U12w 2004"]
[Site "Willingen GER"]
[Date "2004.06.04"]
[Round "9"]
[White "Mertens, Pauline"]
[Black "Billing, Alexander"]
[Result "1/2-1/2"]
[Termination "normal"]
[Board "21"]
[WhiteElo "1375"]
[BlackElo "1533"]
[PlyCount "78"]
[WhiteFideId "24671959"]
[BlackFideId "24624420"]
[EventCountry "GER"]
[EventRounds "11"]
[EventType "swiss"]
[EventDate "2004.05.29"]

1. e4 e6 2. d4 d5 3. Nd2 Nf6 4. e5 Nfd7 5. Bd3 c5 6. c3 Nc6 7. Ne2 Qb6 8. Nf3
cxd4 9. cxd4 f6 10. exf6 Nxf6 11. O-O Bd6 12. a3 O-O 13. Nc3 Kh8 14. Bc2 Bd7
15. b4 Nd8 16. Bg5 Rc8 17. Qd3 g6 18. Rfe1 Qc7 19. Bxf6+ Rxf6 20. Ba4 Qxc3 21.
Qxc3 Rxc3 22. Bxd7 a6 23. Rec1 Rc7 24. Ba4 b5 25. Bb3 Rff7 26. h3 Bf4 27. Re1
Rfe7 28. Kf1 Nb7 29. Rab1 Nd6 30. Red1 Ne4 31. Re1 Bd2 32. Re2 Rc1+ 33. Rxc1
Bxc1 34. Ra2 Rc7 35. a4 Bh6 36. Rc2 Rxc2 37. Bxc2 Kg7 38. axb5 axb5 39. Bd3
Nd2+ 1/2-1/2

[Event "DEM U12/U12w 2004"]
[Site "Willingen GER"]
[Date "2004.06.04"]
[Round "9"]
[White "Dalakian, Haroutioun"]
[Black "Maier, Maximilian"]
[Result "0-1"]
[Termination "normal"]
[Board "22"]
[WhiteElo "1294"]
[BlackElo "1510"]
[PlyCount "82"]
[WhiteFideId "24632058"]
[EventCountry "GER"]
[EventRounds "11"]
[EventType "swiss"]
[EventDate "2004.05.29"]

1. e4 c5 2. c3 d6 3. d4 cxd4 4. cxd4 e6 5. Nf3 a6 6. Nc3 Nd7 7. Bd3 b5 8. a3
Bb7 9. Be3 Ngf6 10. O-O Be7 11. Qe2 O-O 12. Rfd1 Rc8 13. Rac1 Rc7 14. Ne1 Qb8
15. f4 Rfc8 16. Qf3 Qa8 17. d5 exd5 18. exd5 Nc5 19. Bc2 h6 20. h3 Bf8 21. g4
Nfd7 22. g5 hxg5 23. fxg5 Ne5 24. Qg3 g6 25. Bxc5 Rxc5 26. Ne4 Bg7 27. Nxc5
Rxc5 28. Be4 Rc4 29. Rxc4 Nxc4 30. b4 Be5 31. Qf3 Nb2 32. Rc1 Qa7+ 33. Kg2 Qd4
34. Nd3 Nc4 35. Kh1 Nd2 36. Qg2 Qxe4 37. Qxe4 Nxe4 38. Nxe5 dxe5 39. Rc7 Bxd5
40. Ra7 Nd6+ 41. Kh2 Bb7 0-1

[Event "DEM U12/U12w 2004"]
[Site "Willingen GER"]
[Date "2004.06.04"]
[Round "9"]
[White "Endress, Anna"]
[Black "Bochis, Julia"]
[Result "1-0"]
[Termination "normal"]
[Board "23"]
[WhiteElo "1755"]
[BlackElo "1261"]
[PlyCount "165"]
[WhiteFideId "24629472"]
[BlackFideId "24647276"]
[EventCountry "GER"]
[EventRounds "11"]
[EventType "swiss"]
[EventDate "2004.05.29"]

1. e4 c5 2. Nf3 a6 3. Nc3 Nc6 4. g3 g6 5. d4 cxd4 6. Nxd4 e5 7. Nb3 Bg7 8. Bg2
Nf6 9. O-O O-O 10. Be3 d6 11. Qd2 Qc7 12. Rad1 Rd8 13. Na4 Qe7 14. Bb6 Re8 15.
Qxd6 Qxd6 16. Rxd6 Be6 17. Nc3 Bf8 18. Rdd1 Nd7 19. Be3 Nb4 20. Rd2 Rac8 21. a3
Nc6 22. Nd5 Ne7 23. Nb6 Nxb6 24. Bxb6 Rc6 25. Be3 Rec8 26. Nc5 R8c7 27. Nxe6
Rxe6 28. c3 Rec6 29. Rd8 Rc8 30. Rfd1 Rxd8 31. Rxd8 Rc8 32. Rxc8 Nxc8 33. Bh3
Nd6 34. Bg2 Nc4 35. Bc1 b5 36. Bf1 Bd6 37. Bxc4 bxc4 38. Be3 Kf8 39. f4 exf4
40. gxf4 f6 41. Kf2 Ke7 42. Kf3 h5 43. h4 Ke6 44. Bb6 Kd7 45. Bf2 Kc6 46. a4
Kd7 47. Bg3 Ke6 48. f5+ gxf5 49. exf5+ Kd5 50. Bxd6 Kxd6 51. Ke4 Kc5 52. a5 Kc6
53. Kd4 Kd6 54. Kxc4 Ke5 55. Kd3 Kxf5 56. c4 Ke5 57. c5 f5 58. Ke3 f4+ 59. Kf3
Kf5 60. c6 Ke6 61. c7 Kd7 62. c8=Q+ Kxc8 63. Kxf4 Kd8 64. Kg5 Ke7 65. Kxh5 Kf7
66. Kg5 Kg7 67. h5 Kh8 68. Kf6 Kh7 69. Ke6 Kh6 70. Kd6 Kxh5 71. Kc6 Kg6 72. Kb6
Kf6 73. Kxa6 Ke5 74. Kb6 Kd4 75. a6 Kc4 76. a7 Kb3 77. a8=Q Kxb2 78. Qc8 Kb3
79. Qc5 Ka4 80. Qb5+ Ka3 81. Kc5 Ka2 82. Kc4 Ka3 83. Qb3# 1-0

[Event "DEM U12/U12w 2004"]
[Site "Willingen GER"]
[Date "2004.06.04"]
[Round "9"]
[White "Lobmeyer, Fabian"]
[Black "Dinger, Solvejg"]
[Result "1-0"]
[Termination "normal"]
[Board "25"]
[WhiteElo "1522"]
[BlackElo "1329"]
[PlyCount "103"]
[WhiteFideId "24659681"]
[EventCountry "GER"]
[EventRounds "11"]
[EventType "swiss"]
[EventDate "2004.05.29"]

1. d4 d5 2. c4 dxc4 3. e3 Nf6 4. Bxc4 e6 5. Nf3 Be7 6. O-O O-O 7. Nc3 Nc6 8. a3
b6 9. Qc2 Bb7 10. b4 Ng4 11. Be2 Qd7 12. h3 Nf6 13. Bb2 a6 14. Rfd1 Rad8 15.
Rd2 b5 16. Rad1 Rfe8 17. e4 h6 18. Ne5 Qd6 19. Nxc6 Qxc6 20. Bf3 Qd7 21. d5
exd5 22. e5 Nh7 23. Bxd5 Bxd5 24. Nxd5 Kh8 25. Qxc7 Qxc7 26. Nxc7 Rxd2 27. Rxd2
Rc8 28. Nxa6 Ng5 29. Rd7 Bd8 30. Nc5 Bb6 31. Bd4 Kh7 32. f4 Bxc5 33. Bxc5 Ne6
34. Rxf7 Kg6 35. Rb7 Nxf4 36. Rxb5 Re8 37. Bd6 Kf5 38. e6+ Kf6 39. Bxf4 Rxe6
40. a4 Ra6 41. a5 Ra7 42. Bb8 Ra8 43. Rb6+ Ke7 44. a6 Kd8 45. a7 Kc8 46. b5 Kd8
47. Rc6 g5 48. b6 Kd7 49. Rc7+ Kd8 50. b7 Rxa7 51. Rc8+ Kd7 52. Bxa7 1-0

[Event "DEM U12/U12w 2004"]
[Site "Willingen GER"]
[Date "2004.06.04"]
[Round "9"]
[White "Völsgen, Georg"]
[Black "Pfefferkorn, Adrian"]
[Result "0-1"]
[Termination "normal"]
[Board "26"]
[WhiteElo "1456"]
[BlackElo "1285"]
[PlyCount "138"]
[WhiteFideId "24635901"]
[EventCountry "GER"]
[EventRounds "11"]
[EventType "swiss"]
[EventDate "2004.05.29"]

1. e4 c5 2. Nf3 e6 3. d4 cxd4 4. Nxd4 a6 5. Nc3 d6 6. Be2 Nf6 7. O-O Nbd7 8. f4
b5 9. Bf3 Bb7 10. a3 Be7 11. Qe1 O-O 12. Kh1 Kh8 13. g4 Rg8 14. g5 Ne8 15. Qg3
Nf8 16. h4 Nc7 17. h5 h6 18. Rg1 Nd7 19. Be3 Nb6 20. b3 Rc8 21. Nde2 Nca8 22.
Bd4 f6 23. g6 Qc7 24. Be3 Rgd8 25. Qg4 Qd7 26. Qg3 Rc7 27. Qf2 Nc8 28. b4 Bf8
29. Rad1 Qe8 30. Rg3 Rcd7 31. Rdg1 Nc7 32. Rd1 d5 33. e5 f5 34. Bc5 Na8 35. Bd4
Bc6 36. Rgg1 Rb7 37. Ng3 Nab6 38. Be2 Rdd7 39. Rge1 Qd8 40. Nf1 Ra7 41. Nd2 Be7
42. Qh2 Nc4 43. Bxa7 Nxd2 44. Rxd2 Nxa7 45. Bf3 Nc8 46. Ne2 Rc7 47. Nd4 Qd7 48.
Rd3 Nb6 49. Rc3 Nc4 50. Ra1 Nb6 51. Rxc6 Rxc6 52. Nxc6 Qxc6 53. Qd2 Bd8 54. Qd3
Bc7 55. Rc1 Kg8 56. Qd4 Qc4 57. Qxc4 bxc4 58. c3 Kf8 59. Bd1 Ke7 60. Kg2 Kd7
61. Kf3 Kc6 62. a4 Kb7 63. Ke3 Nc8 64. a5 Na7 65. Ba4 Nb5 66. Bxb5 axb5 67. Kd4
Kc6 68. a6 Bb8 69. Ra1 Ba7# 0-1

[Event "DEM U12/U12w 2004"]
[Site "Willingen GER"]
[Date "2004.06.04"]
[Round "9"]
[White "Jung, Gerhard"]
[Black "Gersch, Andre"]
[Result "1-0"]
[Termination "normal"]
[Board "27"]
[WhiteElo "1386"]
[BlackElo "1433"]
[PlyCount "73"]
[WhiteFideId "24629812"]
[EventCountry "GER"]
[EventRounds "11"]
[EventType "swiss"]
[EventDate "2004.05.29"]

1. e4 e6 2. d4 d5 3. Nd2 dxe4 4. Nxe4 Bd7 5. Nf3 Bc6 6. Bd3 Nd7 7. O-O Ngf6 8.
Bg5 Be7 9. Re1 O-O 10. Bxf6 Nxf6 11. c3 Nxe4 12. Bxe4 Bxe4 13. Rxe4 Bf6 14. Ne5
Qd5 15. Qd3 Rad8 16. Ng4 Be7 17. Re5 Qc6 18. Rh5 g6 19. Rh3 Qd5 20. Qe3 Qg5 21.
Nh6+ Kg7 22. f4 Qd5 23. Ng4 c5 24. f5 g5 25. f6+ Bxf6 26. Rxh7+ Kg6 27. Rh6+
Kg7 28. Rxf6 cxd4 29. Qxd4 Qb5 30. Qf2 Rd7 31. Rf1 Qc4 32. Ne5 Qc7 33. Nxd7
Qxd7 34. Qg3 Qd5 35. Qh3 Qc5+ 36. Kh1 b5 37. Qh5 1-0

[Event "DEM U12/U12w 2004"]
[Site "Willingen GER"]
[Date "2004.06.04"]
[Round "9"]
[White "Park, Johannes"]
[Black "Wolf, Isaak"]
[Result "1-0"]
[Termination "normal"]
[Board "28"]
[WhiteElo "1433"]
[BlackElo "1262"]
[PlyCount "103"]
[EventCountry "GER"]
[EventRounds "11"]
[EventType "swiss"]
[EventDate "2004.05.29"]

1. d4 d5 2. c4 e6 3. Nc3 Nf6 4. Bg5 Nbd7 5. e3 Be7 6. cxd5 exd5 7. Bd3 O-O 8.
Nge2 b6 9. Rc1 Bb7 10. O-O c5 11. Bb1 Re8 12. Qc2 Ne4 13. Nxe4 dxe4 14. Bxe7
Qxe7 15. Qb3 Rad8 16. Rfd1 cxd4 17. Nxd4 Nc5 18. Qb5 Ba6 19. Qb4 Qd7 20. Qd2
Qd5 21. b4 Nd3 22. Rc7 Rd7 23. Bxd3 Bxd3 24. Rdc1 Ree7 25. Rxa7 Kf8 26. Rc8+
Re8 27. Rxe8+ Kxe8 28. Rxd7 Qxd7 29. h3 Qd5 30. a4 Kd7 31. Qc3 Qc4 32. Qxc4
Bxc4 33. f3 exf3 34. gxf3 g6 35. Kf2 Kd6 36. Ke1 Kd5 37. Kd2 f5 38. Kc3 Ba6 39.
h4 h5 40. Nb3 Ke5 41. a5 b5 42. Kd3 f4 43. Nc5 Bc8 44. a6 Bxa6 45. Nxa6 Kf5 46.
e4+ Kf6 47. Nc7 g5 48. hxg5+ Kxg5 49. Ke2 h4 50. Kf2 h3 51. Nxb5 Kh4 52. Nd4
1-0